000 01283pam a2200373 a 4500
001 5912
003 FISKH
005 20260311082248.0
008 980611s1998 nyua b 000 1 eng
010 _a 98028176
020 _a0679991301 (lib. bdg.)
020 _a0679891307 (pbk.)
020 _a0439099749
040 _aDLC
_cDLC
_dDLC
_beng
050 _aPZ7.P2197 J
082 _a813.54
100 1 _aPark, Barbara.
_d(1947–2013)
245 1 0 _aJunie B. Jones smells something fishy /
_cby Barbara Park ; illustrated by Denise Brunkus.
250 _aThis edition first published in 1999
260 _aNew York :
_bScholastic,
_c1998.
300 _a66 pages :
_billustrations ;
_c19 cm.
490 1 _aThe Junie B. Jones series ;
_v#12
505 _aL
520 _aFrustrated because the rules for her class's Pet Day will not let her take her dog to school, Junie B. Jones considers taking a raccoon, a worm, a dead fish, and other unusual replacements.
521 _a510
_bLexile
521 _aL
_bRaz-Plus
650 1 _aPets
_xFiction.
650 1 _aKindergarten
_xFiction.
650 1 _aSchools
_xFiction.
700 1 _aBrunkus, Denise
_eillustrator
906 _a7
_bcbc
_corignew
_d1
_eocip
_f19
_gy-gencatlg
942 _2ddc
_cBK
_n0
999 _c5912
_d5912